All tanks from WoT - part 2 (Tiers V - VII) - Statistics

General Stats
  • This quiz has been taken 30 times
    17 since last reset
  • The average score is 42 of 274
Answer Stats
Hint Answer % Correct
Tier V, HT KV
80%
Tier V, MT T-34
80%
Tier V, SPG Grille
70%
Tier VII, HT IS
70%
Tier V, HT KV-1
70%
Tier VI, HT KV-2
70%
Tier VII, HT KV-3
70%
Tier VII, MT Panther
70%
Tier VII, HT Tiger (P)
70%
Tier VI, HT KV-1S
60%
Tier VII, HT T29
60%
Tier VI, MT T-34-85
60%
Tier VI, LT AMX 12 t
50%
Tier VII, LT AMX 13 75
50%
Tier V, LT AMX ELC bis
50%
Tier VI, SPG Hummel
50%
Tier VII, HT IS-2
50%
Tier VI, HT KV-85
50%
Tier VII, MT Leo
50%
Tier VI, TD M18 Hellcat
50%
Tier VI, SPG SU-8
50%
Tier VII, HT Tiger I
50%
Tier V, LT VK 16.02 Leopard
50%
Tier VII, TD AT 7
40%
Tier VI, TD AT 8
40%
Tier VII, TD Challenger
40%
Tier VII, SPG G.W. Panther
40%
Tier V, HT KV-220-2
40%
Tier VI, HT M6
40%
Tier VI, TD Nashorn
40%
Tier VI, TD SU-100
40%
Tier V, TD SU-85
40%
Tier VII, MT T-43
40%
Tier V, LT T-50
40%
Tier VI, HT VK 30.01 (P)
40%
Tier V, TD AT 2
30%
Tier VII, HT Black Prince
30%
Tier VI, MT Cromwell
30%
Tier VII, TD Jagdpanther
30%
Tier V, TD M10 Wolverine
30%
Tier V, LT M24 Chaffee
30%
Tier VI, MT M4A3E2 Sherman Jumbo
30%
Tier V, MT P.43
30%
Tier V, MT Pz.Kpfw. IV
30%
Tier V, TD StuG III Ausf. G
30%
Tier VII, TD Sturer Emil
30%
Tier VII, TD SU-152
30%
Tier VI, MT T-34-85M
30%
Tier V, LT | Tier VI, LT T-50-2
30%
Tier V, TD T67
30%
Tier VII, HT Type 4 Ju-To
30%
Tier VI, MT Type 58
30%
Tier VI, LT VK 28.01
30%
Tier VI, MT VK 30.01 (D)
30%
Tier V, MT VK 30.01 (H)
30%
Tier VI, MT VK 30.02 (M)
30%
Tier V, LT A-20
20%
Tier VI, TD Achilles
20%
Tier VI, HT ARL 44
20%
Tier VII, TD AT 15A
20%
Tier V, HT Churchill I
20%
Tier V, HT Churchill III
20%
Tier VI, HT Churchill VII
20%
Tier VII, MT Comet
20%
Tier V, LT Covenanter
20%
Tier VII, TD E 25
20%
Tier VI, SPG FV304
20%
Tier VII, HT IS-2 shielded
20%
Tier VII, HT KV-122
20%
Tier VI, HT KV-2 (R)
20%
Tier VII, LT LTG
20%
Tier VI, LT M24E2 Super Chaffee
20%
Tier V, SPG M41 HMC
20%
Tier V, MT M4A1 Sherman
20%
Tier VI, MT M4A3E8 Sherman
20%
Tier V, LT M7
20%
Tier V, MT Matilda IV
20%
Tier VII, HT O-Ni
20%
Tier VII, MT P.43 ter
20%
Tier VI, TD SDP 44 Burza
20%
Tier VI, TD Semovente M43 Basotto
20%
Tier VI, MT Sherman Firefly
20%
Tier VII, TD SU-100M1
20%
Tier VI, TD SU-100Y
20%
Tier VII, TD Super Hellcat
20%
Tier V, HT T1 Heavy Tank
20%
Tier VII, MT T20
20%
Tier V, MT T-34 shielded
20%
Tier V, MT Type 3 Chi-Nu
20%
Tier VI, HT Type 3 Ju-Nu
20%
Tier VI, MT Type 4 Chi-To
20%
Tier VII, MT Type 5 Chi-Ri
20%
Tier V, MT Type T-34
20%
Tier VI, HT VK 36.01 (H)
20%
Tier V, HT VK 65.01 (H)
20%
Tier V, MT 25TP KSUST II
10%
Tier VI, MT 40TP Habicha
10%
Tier VII, HT 45TP Habicha
10%
Tier VI, LT 59-16
10%
Tier VI, MT A-43
10%
Tier VII, MT A-44
10%
Tier VII, LT AMX 13 57
10%
Tier VII, HT AMX M4 mle. 45
10%
Tier V, TD Archer
10%
Tier VI, TD ARL V39
10%
Tier V, HT BDR G1 B
10%
Tier V, SPG Bishop
10%
Tier V, LT BT-42 Jatkosota HS
10%
Tier VII, HT Carro d'assalto P.88
10%
Tier VII, TD Chi-To SP
10%
Tier VI, TD Churchill Gun Carrier
10%
Tier VI, MT Cromwell B
10%
Tier VI, LT Crusader
10%
Tier VII, SPG Crusader 5.5-in. SP
10%
Tier VII, MT CS-44
10%
Tier V, HT Excelsior
10%
Tier VII, LT Hotchkiss EBR
10%
Tier VII, HT IS-2M
10%
Tier VII, TD ISU-122
10%
Tier VI, TD Jagdpanzer IV
10%
Tier VII, MT KV-13
10%
Tier V, HT KV-1 shielded
10%
Tier V, TD M10 RBFM
10%
Tier VII, SPG M12
10%
Tier VI, TD M36 Jackson
10%
Tier VI, SPG M44
10%
Tier VI, MT M4A3E8 Fury
10%
Tier V, MT M4 Improved
10%
Tier VII, TD M56 Scorpion
10%
Tier V, MT Matilda Black Prince
10%
Tier VII, HT M-II-Y
10%
Tier V, HT Mitsu 108
10%
Tier VI, LT MT-25
10%
Tier VI, HT Object 244
10%
Tier VI, HT O-I
10%
Tier V, HT O-I Experimental
10%
Tier VI, MT P.43 bis
10%
Tier VI, LT Panhard AMD 178B
10%
Tier VII, MT Panther\M10
10%
Tier VI, HT Pawlack Tank
10%
Tier V, MT Pz.Kpfw. III\IV
10%
Tier V, MT Pz.Kpfw. IV Ausf. H
10%
Tier V, MT Pz.Kpfw. IV Ausf. H Ankou
10%
Tier V, MT Pz.Kpfw. T 25
10%
Tier V, MT Pz.Kpfw. V\IV
10%
Tier V, MT Pz.Kpfw. V\IV Alpha
10%
Tier V, TD Pz.Sfl. IVc
10%
Tier V, MT Renault G1
10%
Tier V, TD S35 CA
10%
Tier VII, SPG S-51
10%
Tier VII, TD SDP 57 Gowika
10%
Tier V, TD Semovente M41
10%
Tier V, MT Sherman III
10%
Tier V, MT Škoda T 24
10%
Tier VI, MT Škoda T 25
10%
Tier VI, MT Škoda T 40
10%
Tier VII, LT Spähpanzer SP I C
10%
Tier VII, TD SU-122-44
10%
Tier V, SPG SU-122A
10%
Tier V, TD SU-85I
10%
Tier VI, HT T-150
10%
Tier VI, LT T21
10%
Tier VII, MT T23E3
10%
Tier VII, TD T25\2
10%
Tier VII, TD T25 AT
10%
Tier VII, MT T-34-1
10%
Tier VI, LT T37
10%
Tier VII, LT T71 CMCD
10%
Tier VII, LT T71 DA
10%
Tier VI, HT TOG II*
10%
Tier VI, LT Type 64
10%
Tier VI, TD Type 95 Ji-Ro
10%
Tier VII, MT VK 30.02 (D)
10%
Tier VII, HT Vz. 44-1
10%
Tier VII, LT WZ-131
10%
Tier V, SPG 105 leFH18B2
0%
Tier V, TD 60G FT
0%
Tier VI, HT A43 BP Prototype
0%
Tier VI, LT A46
0%
Tier VI, MT AC 4 Experimental
0%
Tier V, MT AEC Armoured Car
0%
Tier V, SPG AMX 13 105 AM mle. 50
0%
Tier VII, LT AMX 13 57 GF
0%
Tier VI, SPG AMX 13 F3 AM
0%
Tier V, LT AMX 13 (FL 11)
0%
Tier VII, TD AMX AC mle. 46
0%
Tier V, MT ARMT
0%
Tier VII, LT Aufklärungspanzer Panther
0%
Tier VI, MT Bretagne Panther
0%
Tier VI, MT B.U.G.I.
0%
Tier VII, HT BZ-58
0%
Tier V, MT Cavalier
0%
Tier VII, MT Centurion Mk. IA
0%
Tier VI, HT Char de transition
0%
Tier VI, HT Churchill Crocodile
0%
Tier VI, TD Dicker Max
0%
Tier V, MT DS PZInż
0%
Tier VI, TD Excalibur
0%
Tier VII, MT FSV Scheme A
0%
Tier VII, HT FV201 (A45)
0%
Tier V, MT Gabler’s Destroyer
0%
Tier VII, LT GSR 3301 Setter
0%
Tier VI, HT Heavy Tank No. VI
0%
Tier V, TD Ikv 103
0%
Tier VI, TD Ikv 65 Alt II
0%
Tier VII, TD Ikv 90 Typ B
0%
Tier VII, HT King Tiger (Captured)
0%
Tier VII, MT Konštrukta T34\100
0%
Tier VII, TD Krupp-Steyr Waffenträger
0%
Tier V, HT KV-1SA
0%
Tier V, HT KV-220-2 Beta Test
0%
Tier VII, SPG Lorraine 155 mle. 50
0%
Tier VI, MT Loza's M4-A2 Sherman
0%
Tier V, LT M24 Chaffee No. 594
0%
Tier V, MT M4-85
0%
Tier VI, MT M4A1 FL 10
0%
Tier V, MT M4A2E4 Sherman
0%
Tier VI, MT M4A3(76)W Sherman
0%
Tier VI, MT M4A3E8 Thunderbolt VII
0%
Tier VI, MT Pudel
0%
Tier V, MT Pz.Kpfw. 38 (K)
0%
Tier V, MT Pz.Kpfw. III Ausf. K
0%
Tier V, MT Pz.Kpfw. IV Ausf. F2
0%
Tier V, MT Pz.Kpfw. IV hydrostat.
0%
Tier VI, MT Pz.Kpfw. IV Schmalturm
0%
Tier V, HT Pz.Kpfw. KW I (r)
0%
Tier VI, MT Pz.Kpfw. V Berge-Panther
0%
Tier VI, MT Pz.Kpfw. V Berge-Panther Alpha
0%
Tier V, MT Ram II
0%
Tier V, TD SDP 40 Zadymka
0%
Tier VI, MT Sherman VC Firefly
0%
Tier VII, LT Škoda T 17
0%
Tier VII, HT Škoda T 45
0%
Tier VII, TD SMV CC-56
0%
Tier VI, MT Staghound Mk. III
0%
Tier VI, MT Strv 74
0%
Tier V, MT Strv m\42
0%
Tier VI, MT Strv m\42-57 Alt A.2
0%
Tier V, TD StuG IV
0%
TIer V, TD SU-100I
0%
Tier VII, SPG SU-14-1
0%
Tier V, TD SU-2-122
0%
Tier V, HT T14
0%
Tier V, HT T14 (tr.)
0%
Tier VII, MT T26E3 Eagle 7
0%
Tier VII, TD T28 Concept
0%
Tier VII, TD T-34-2G FT
0%
Tier VI, MT T-34-85 Rudy
0%
Tier VII, MT T-34M-54
0%
Tier V, MT T-34 (tr.)
0%
Tier VII, MT T-43 (tr.)
0%
Tier VII, MT T-44-122
0%
Tier VII, MT T-44-122A
0%
Tier VII, MT T-44-85
0%
Tier VII, LT T71 CMCD P
0%
Tier VI, TD T78
0%
Tier VI, HT Tiger 131
0%
Tier VI, HT Tiger 217
0%
Tier VII, HT Tiger II (H)
0%
Tier VII, HT Tiger II (T)
0%
Tier VII, HT Tiger I L\56
0%
Tier VII, HT Tiger I (tr.)
0%
Tier V, MT Turán III prototípus
0%
Tier V, MT Type 3 Chi-Nu Kai
0%
Tier V, TD Type 3 Ho-Ni III
0%
Tier VII, LT Type 62
0%
Tier V, MT Valiant
0%
Tier VI, LT VK 28.01 mit 10,5 cm L\28
0%
Tier VII, HT VK 45.02 (P) Ausf. B7
0%
Tier VII, HT VK 45.03
0%
Tier VI, TD WZ-131G FT
0%
No matching quizzes found
Score Distribution
Percent of People with Each Score
Percentile by Number Answered
Your Score History
You have not taken this quiz since the last reset